| 000 | 00544nam a2200157 a 4500 | ||
|---|---|---|---|
| 001 | 000038380 | ||
| 005 | 20240307073950.0 | ||
| 008 | 110330s1969 dr 000 0 spa d | ||
| 040 |
_aDO-SdBNP _bspa _cBNPHU |
||
| 082 |
_axxxx _bR426p |
||
| 110 | 1 |
_aRepública Dominicana. _b Junta Central Electoral _964605 |
|
| 245 | 1 | 0 |
_aProyecciones 17 : _bcontribución a la orientación cívico-cultural del pueblo dominicano. |
| 260 |
_aSanto Domingo : _bJunta Central Electoral, _c1969. |
||
| 300 |
_a229 p. ; _c17 cm. |
||
| 504 | _aBibliografía : p. 225-226 | ||
| 999 |
_c37870 _d37870 |
||